000 01152nam a2200265Ia 4500
999 _c37671
_d37671
001 3643
003 GE_BSU
005 20190524153546.0
008 181216s1985|||| |||||||||||||| ||geo||
040 _cGE_BSU
041 _ageo
080 _a519.6(072) გ–19
245 _aგამოთვლითი მათემატიკა : დამხმ. სახელმძღ. /
_cს. თოფურია ; გ. აბესაძე ; გ. ოზბეგაშვილი ; გ. ხოჭოლავა ; რედ : ე. გიორგაძე
264 _aთბილისი :
_bსპი,
_c1985.
300 _a144 გვ .:
_c 20 სმ.
501 _aბიბლიოგრაფ:გვ.143
653 _aგამოთვლითი მათემატიკა
653 _aმათემატიკა
700 _aთოფურია,ს
_91414
700 _aაბესაძე, გ
_91415
700 _a ოზბეგაშვილი,,გ
_91576
700 _aხოჭოლავა,გ
_91577
700 _aგიორგაძე, ე
_eრედაქტორი
_9398
942 _cBK
_2udc